Pozycja Topical Term
Liczba rekordów, w których użyto hasła: 1
001 - Numer kontrolny
- control field: 39504
003 - Identyfikator numeru kontrolnego
- control field: NUKAT
005 - Data i czas ostatniej modyfikacji
- control field: 20260407114306.0
008 - Dane kontrolne kodowane (40 znaków)
- fixed length control field: 050120n||azznnbabn |a ana |
010 ## - Numer kontrolny Biblioteki Kongresu
- numer kontrolny LC: p 2004308172
035 ## - Numer systemowy
- numer systemowy: a10083479
035 ## - Numer systemowy
- numer systemowy: (PL)a0000001008347
040 ## - Instytucja sporządzająca rekord
- inst. przygot. dane do rek. khw: WA N
- język haseł przedmiotowych/tezaurus: DBN
- inst. wprow. rek. khw: WA N
045 0# - Okres czasu dla hasła
- okr. czasu od 9999 pne do n.e.: d1905
072 ## - Kod kategorii przedmiotu
- kod kategorii przedmiotu: 13
150 ## - Hasło - nazwa pospolita
- nazwa posp. lub nazwa geogr. na pocz.: Rewolucja 1905 roku
450 ## - Trop zob. - nazwa pospolita
- nazwa posp. lub nazwa geogr. na pocz.: Rewolucja 1905
550 ## - Trop zob. też - nazwa pospolita
- podpole kontrolne: g
- nazwa posp. lub nazwa geogr. na pocz.: Rewolucja
550 ## - Trop zob. też - nazwa pospolita
- podpole kontrolne: g
- nazwa posp. lub nazwa geogr. na pocz.: Ruchy społeczne
550 ## - Trop zob. też - nazwa pospolita
- nazwa posp. lub nazwa geogr. na pocz.: Bunt na pancerniku Potiomkin (1905)
550 ## - Trop zob. też - nazwa pospolita
- nazwa posp. lub nazwa geogr. na pocz.: Manifestacja na Placu Grzybowskim (1904)
550 ## - Trop zob. też - nazwa pospolita
- nazwa posp. lub nazwa geogr. na pocz.: Manifest październikowy (1905)
550 ## - Trop zob. też - nazwa pospolita
- nazwa posp. lub nazwa geogr. na pocz.: Rady Delegatów Robotniczych w Rosji
550 ## - Trop zob. też - nazwa pospolita
- nazwa posp. lub nazwa geogr. na pocz.: Wielki Sejm Wileński (1905)
550 ## - Trop zob. też - nazwa pospolita
- podpole kontrolne: h
- nazwa posp. lub nazwa geogr. na pocz.: Powstanie łódzkie (1905)
551 ## - Trop zob. też - nazwa geograficzna
- nazwa geograficzna: Królestwo Polskie (1815-1915)
551 ## - Trop zob. też - nazwa geograficzna
- nazwa geograficzna: Polska
551 ## - Trop zob. też - nazwa geograficzna
- nazwa geograficzna: Rosja
682 ## - Informacja o usuniętym haśle
- tekst wyjaśniający: zmienione z:
- zastąpione hasło: Rewolucja 1905 r.